00293nam a2200121Ia 4500008004100000041000800041082001200049100001800061245002600079260003100105300002400136365001100160240624s9999 xx 000 0 und d aeng a823 CHO aCHOPRA DEEPAK aSOULMATE A LOVE STORY c2012aNew DelhibHay House a290 : p. : cm. ; 20 cRSb25